Stereochemistry and Rotation Barriers for Substituents in 6-membered Heterocycles: Pyridines and Pyridinium Salts

Bibliographic Details
Main Author: Balaban, Alexandru T. (Author)
Format: Article
Language:English
Slovak
PhysicalDescription:Tb. 3. Sch. 9., lit. 22 zázn. v angl.
Subjects:

MARC

LEADER 00000nab a2200000 a 4500
001 vtls000445135
003 SK-MaSNL
005 20260319075234.0
008 160204c1991 xo 0 eng
015 |a SNBRA19rr/mm-uuuuu 
035 |a CL0445265 
040 |a SNKBUCL  |b slo  |c SNKBUCL  |e AACR2 
041 0 |a slo 
044 |a xo  |c SK 
080 |a 547.821  |2 1981 
100 1 |a Balaban, Alexandru T.  |4 aut  |9 967097 
245 1 0 |a Stereochemistry and Rotation Barriers for Substituents in 6-membered Heterocycles: Pyridines and Pyridinium Salts  |c Alexandru T. Balaban 
300 |b Tb. 3. Sch. 9., lit. 22 zázn. v angl. 
650 0 7 |a pyridíny  |2 snkbucl  |9 967080 
650 0 7 |a soli pyridínové  |2 snkbucl  |9 967098 
655 7 |a články zo zborníkov  |2 snkbucl  |9 166140 
773 0 |t The tenth symposium on chemistry of heterocyclic compounds. 1st part  |d Košice : Dom techniky ZSVTS, 1991  |g S. 64-68 
850 |a Slovenská národná knižnica v Martine  |a MTA001 
852 |a SNK  |b KIS3GCP 
958 |a NB 
958 |a RK 
992 |a RZB 
999 |c 1546310  |d 1548240